Statistics for Vowelless Spider-Man Homecoming Characters Quiz

Click here to take the quiz!

General Stats

  • This quiz has been taken 694 times
    (663 since last reset)
  • The average score is 15 of 20

Answer Stats

HintAnswer% Correct
SpdrmnSpiderman
99%
Pppr PttsPepper Potts
93%
Tny StrkTony Stark
92%
Flsh ThmpsnFlash Thompson
91%
Ptr PrkrPeter Parker
91%
My PrkrMay Parker
89%
Hppy HgnHappy Hogan
88%
VltrVulture
88%
Cptn MrcCaptain America
85%
Rn MnIron Man
82%
ShckrShocker
80%
ScrpnScorpion
79%
Mchll JnsMichelle Jones
78%
Nd LdsNed Leeds
73%
PrwlrProwler
60%
FrdyFriday
48%
Lz TmsLiz Toomes
46%
TnkrrTinkerer
44%
KrnKaren
40%
Drn TmsAdrian Toomes
26%

Score Distribution

Percentile by Number Answered

Percent of People with Each Score

Your Score History

You have not taken this quiz since the last reset